<?xml version="1.0" encoding="UTF-8"?>
<record
    xmlns:xsi="http://www.w3.org/2001/XMLSchema-instance"
    xsi:schemaLocation="http://www.loc.gov/MARC21/slim http://www.loc.gov/standards/marcxml/schema/MARC21slim.xsd"
    xmlns="http://www.loc.gov/MARC21/slim">

  <leader>00887nab a2200253 uc4500</leader>
  <controlfield tag="001">836696</controlfield>
  <controlfield tag="005">20240208091217.0</controlfield>
  <controlfield tag="008">030811s2001                        spa  </controlfield>
  <datafield tag="035" ind1=" " ind2=" ">
    <subfield code="a">836696</subfield>
  </datafield>
  <datafield tag="035" ind1=" " ind2=" ">
    <subfield code="a">(OCoLC)820071648</subfield>
  </datafield>
  <datafield tag="040" ind1=" " ind2=" ">
    <subfield code="c">comduadb</subfield>
  </datafield>
  <datafield tag="041" ind1=" " ind2=" ">
    <subfield code="a">spa</subfield>
  </datafield>
  <datafield tag="100" ind1="1" ind2="0">
    <subfield code="a">Rodr&#xED;guez Garc&#xED;a, Ram&#xF3;n</subfield>
    <subfield code="d">1950-</subfield>
    <subfield code="4">aut</subfield>
    <subfield code="0">(isni)0000 0000 8077 8146</subfield>
    <subfield code="0">(viaf)552144783104751055682</subfield>
    <subfield code="e">aut</subfield>
    <subfield code="9">238354</subfield>
  </datafield>
  <datafield tag="245" ind1="1" ind2="3">
    <subfield code="a">La hermeneutica, entre la defensa y la superacion del escepticismo</subfield>
  </datafield>
  <datafield tag="650" ind1=" " ind2="7">
    <subfield code="a">Hermen&#xE9;utica</subfield>
    <subfield code="2">lemb</subfield>
    <subfield code="9">625</subfield>
  </datafield>
  <datafield tag="650" ind1=" " ind2=" ">
    <subfield code="a">Defensa</subfield>
    <subfield code="9">90521</subfield>
  </datafield>
  <datafield tag="650" ind1=" " ind2=" ">
    <subfield code="a">Superaci&#xF3;n</subfield>
    <subfield code="9">60762</subfield>
  </datafield>
  <datafield tag="650" ind1=" " ind2="7">
    <subfield code="a">Escepticismo</subfield>
    <subfield code="2">lemb</subfield>
    <subfield code="9">39733</subfield>
  </datafield>
  <datafield tag="650" ind1=" " ind2="7">
    <subfield code="a">Fenomenolog&#xED;a</subfield>
    <subfield code="2">lemb</subfield>
    <subfield code="9">1791</subfield>
  </datafield>
  <datafield tag="650" ind1=" " ind2=" ">
    <subfield code="a">Hermen&#xE9;utica y ontolog&#xED;a</subfield>
    <subfield code="9">75188</subfield>
  </datafield>
  <datafield tag="650" ind1=" " ind2=" ">
    <subfield code="a">Filosof&#xED;a contempor&#xE1;nea</subfield>
    <subfield code="9">172754</subfield>
  </datafield>
  <datafield tag="773" ind1="0" ind2=" ">
    <subfield code="t">Themata. Revista de Filosof&#xED;a (Sevilla)</subfield>
    <subfield code="g">No. 27, 2001, p. 83-99</subfield>
    <subfield code="w">118541</subfield>
    <subfield code="x">0210-8365</subfield>
    <subfield code="0">68237</subfield>
  </datafield>
  <datafield tag="942" ind1=" " ind2=" ">
    <subfield code="c">ARIMP</subfield>
  </datafield>
  <datafield tag="999" ind1=" " ind2=" ">
    <subfield code="c">289202</subfield>
    <subfield code="d">289202</subfield>
  </datafield>
</record>
